00331nam a2200097Ia 4500008004100000100003100041245007200072260005800144650001200202999001900214160725s9999 xx 000 0 und d aPascual, Maria Isabelle M. a(2013, June). Health education: the curriculum development process. bKaizen Research Journal College of NursingcJune 2013 aNURSING c298026d298026